00877cam a22002771 4500001001300000003000400013005001700017008004100034010001700075035001900092040002300111042001200134043001200146050001700158082001000175100002300185245009900208260006400307300003100371440005600402650001200458650002900470650003300499700005000532999001700582gs 65000134 DLC20260227111416.0790611s1965 nyua 000 0 eng  ags 65000134  a(OCoLC)5055641 aDLCcNICdAkUdDLC apremarc an------00aQE783.C3bP3 a563.91 aParsley, Ronald L.10aNorth American Solutab(Carpoidea, Echinodermata)cby Ronald L. Parsley and Kenneth E. Caster. aIthaca, N.Y.,bPaleontological Research Institution,c1965. a110-174 p.billus.c23 cm. 0aBulletins of American paleontology,vv. 49, no. 221 0aSoluta. 0aPaleontologyyPaleozoic. 0aPaleontologyzNorth America.1 aCaster, Kenneth Edward,d1908-ejoint author. c29989d29989